Urologie pro praxi
| Other Authors: | , , , |
|---|---|
| Format: | Journal |
| Language: | Czech |
| PhysicalDescription: | zv. grafy, obr. 30 cm Online vydanie: Urologie pro praxi (Online) ISSN 1803-5299. Prináša plné texty od r. 2000 vo formáte pdf |
| Published: |
Konice
Solen
2000-
Olomouc Solen, s.r.o. |
| ISSN: | 1213-1768 |
| Subjects: | |
| Online Access: | http://www.urologiepropraxi.cz/ http://www.solen.cz |
MARC
| LEADER | 00000cas a2200000 a 4500 | ||
|---|---|---|---|
| 001 | vtls008420463 | ||
| 003 | SK-MaSNL | ||
| 005 | 20260228161042.0 | ||
| 008 | 051222c20009999xr br|p 0 b0cze | ||
| 022 | |a 1213-1768 | ||
| 035 | |a (SVKBB03)vtls000208956 | ||
| 040 | |a SVKPO |b slo |c SVKPO |d SVKBB |d SAVUK |c SNK |e AACR2 | ||
| 041 | 0 | |a cze |b eng |b cze | |
| 044 | |a xr |c CZ | ||
| 072 | 7 | |a 616 |x Patológia. Klinická medicína |2 konspekt | |
| 080 | |a 616.6 |2 2011 | ||
| 080 | |a 050 |2 2011 | ||
| 080 | |a (051)-027.561 |2 2011 | ||
| 210 | 0 | |a Urol. praxi |b (Print) | |
| 222 | 0 | |a Urologie pro praxi |b (Print) | |
| 245 | 0 | 0 | |a Urologie pro praxi |
| 260 | |a Konice |b Solen |c 2000- | ||
| 260 | 3 | |3 5/2005- |a Olomouc |b Solen, s.r.o. | |
| 300 | |a zv. |b grafy, obr. |c 30 cm | ||
| 310 | |a 4x ročne |b 2020- | ||
| 321 | |a 6x ročne |b 2000-2012 | ||
| 321 | |a 5x ročne |b 2013-2019 | ||
| 362 | 0 | |a Roč. 1, č. 1 (2000)- | |
| 500 | |a Šéfredaktorka: 1/2004-3/2004, Jana Tajovská ; 4/2004-3/2005, Zdeňka Francová ; šéfredaktor: 4/2005-6/2008, Karel Grepl ; zodp. red.: 1/2009-5/2009, Jana Burešová ; odborný šéfredaktor: 6/2009-, Michaela Matoušková | ||
| 500 | |a Reg. číslo MK ČR: E 10341 | ||
| 500 | |a Časopis je vydávaný v spolupráci so Sdružením ambulantních urológů a Českou společností pro sexuální medicínu | ||
| 504 | |a Bibliogr. | ||
| 530 | |a Online vydanie: Urologie pro praxi (Online) ISSN 1803-5299. Prináša plné texty od r. 2000 vo formáte pdf | ||
| 546 | |a Res. v angl. a češ. | ||
| 650 | 0 | 7 | |a urológia |2 SNKPH |9 2605 |
| 655 | 7 | |a odborné časopisy |2 SNKPH |9 70505 | |
| 700 | 1 | |a Tajovská, Jana |4 pbd |9 267875 | |
| 700 | 1 | |a Francová, Zdeňka |4 pbd |9 267876 | |
| 700 | 1 | |a Grepl, Karel |4 pbd |9 267877 | |
| 700 | 1 | |a Burešová, Jana |4 lso |9 267878 | |
| 700 | 1 | |a Matoušková, Michaela, |d 1963- |4 pbd |9 81850 | |
| 775 | 0 | |t Urológia pre prax |x 1337-107X |w vtls008987298 | |
| 850 | |a Štátna vedecká knižnica v Prešove | ||
| 852 | |a Štátna vedecká knižnica v Banskej Bystrici | ||
| 856 | 4 | 1 | |u http://www.urologiepropraxi.cz/ |
| 856 | 4 | 1 | |u http://www.solen.cz |
| 910 | |a savuk | ||
| 910 | |a snk | ||
| 999 | |c 4183 |d 6113 | ||
| 952 | |0 0 |1 0 |4 0 |7 0 |8 1 |a SNK |b SNK |d 2020-11-20 |i snk2020/20789 |l 0 |o snkČSB 6392/20/2019 |p 17A1432851 |r 2026-02-21 19:24:11 |t č. 1-5 |w 2026-02-21 |y PREZ | ||
| 952 | |0 0 |1 0 |4 0 |7 0 |8 1 |a SNK |b SNK |d 2017-04-12 |i snk2017/8931 |l 0 |o snkČSB 6392/10/2009 D1 |p 17A1206341 |r 2026-02-21 20:13:41 |t č. 1-6 |w 2026-02-21 |y PREZ | ||
| 952 | |0 0 |1 0 |4 0 |7 0 |8 1 |a SNK |b SNK |d 2017-04-12 |i snk2017/8937 |l 0 |o snkČSB 6392/11/2010 D1 |p 17A1206343 |r 2026-02-21 20:18:48 |t č. 1-6, neúplné |w 2026-02-21 |y PREZ |z Chýba č. 2 | ||
| 952 | |0 0 |1 0 |4 0 |7 0 |8 1 |a SNK |b SNK |d 2017-04-12 |i snk2017/8849 |l 0 |o snkČSB 6392/6/2005 |p 17A1205731 |r 2026-02-21 20:18:50 |t č. 1-6 |w 2026-02-21 |y PREZ | ||
| 952 | |0 0 |1 0 |4 0 |7 0 |8 1 |a SNK |b SNK |d 2017-04-12 |i snk2017/8936 |l 0 |o snkČSB 6392/11/2010 |p 17A1206342 |r 2026-02-21 20:18:50 |t č. 1-6, neúplné |w 2026-02-21 |y PREZ |z Chýba č. 2 | ||
| 952 | |0 0 |1 0 |4 0 |7 0 |8 1 |a SNK |b SNK |d 2017-04-18 |i snk2017/9083 |l 0 |o snkČSB 6392/9/2008 |p 17A1206356 |r 2026-02-21 20:27:10 |t č. 3-6 |w 2026-02-21 |y PREZ | ||
| 952 | |0 0 |1 0 |4 0 |7 0 |8 1 |a SNK |b SNK |d 2017-04-12 |i snk2017/8845 |l 0 |o snkČSB 6392/5/2004 D1 |p 17A1205737 |r 2026-02-21 20:51:55 |t č. 1-6, neúplné |w 2026-02-21 |y PREZ |z Chýba č. 1, 2, 3 | ||
| 952 | |0 0 |1 0 |4 0 |7 0 |8 1 |a SNK |b SNK |d 2017-04-12 |i snk2017/8838 |l 0 |o snkČSB 6392/5/2004 |p 17A1205730 |r 2026-02-21 21:04:05 |t č. 1-6, neúplné |w 2026-02-21 |y PREZ |z Chýba č. 2 | ||
| 952 | |0 0 |1 0 |4 0 |7 0 |8 0 |a SNK |b SNK |d 2025-07-01 |i snk2025/10265 |l 0 |o snkČSB 6392/20/2019 D1 |p 17A1557250 |r 2026-02-21 21:10:53 |t č. 1-5 |w 2026-02-21 |y PREZ | ||
| 952 | |0 0 |1 0 |4 0 |7 0 |8 0 |a SNK |b SNK |d 2025-07-01 |i snk2025/10267 |l 0 |o snkČSB 6392/21/2020 |p 17A1557251 |r 2026-02-21 21:10:54 |t č. 1-4 |w 2026-02-21 |y PREZ | ||
| 952 | |0 0 |1 0 |4 0 |7 0 |8 0 |a SNK |b SNK |d 2025-07-01 |i snk2025/10269 |l 0 |o snkČSB 6392/21/2020 D1 |p 17A1557252 |r 2026-02-21 21:10:54 |t č. 1-4, neúplné |w 2026-02-21 |y PREZ |z Chýba č. 2-4 | ||
| 952 | |0 0 |1 0 |4 0 |7 0 |8 0 |a SNK |b SNK |d 2025-07-01 |i snk2025/10270 |l 0 |o snkČSB 6392/22/2021 |p 17A1557253 |r 2026-02-21 21:10:56 |t č. 1-4 |w 2026-02-21 |y PREZ | ||
| 952 | |0 0 |1 0 |4 0 |7 0 |8 0 |a SNK |b SNK |d 2025-07-01 |i snk2025/10272 |l 0 |o snkČSB 6392/23/2022 |p 17A1557254 |r 2026-02-21 21:10:56 |t č. 1-4 + príloha A |w 2026-02-21 |y PREZ |z Samostatná príloha: ; Guidelines Europské urologické asociace pro mužskou infertilitu (2020) | ||
| 952 | |0 0 |1 0 |4 0 |7 0 |8 0 |a SNK |b SNK |d 2025-07-01 |i snk2025/10276 |l 0 |o snkČSB 6392/24/2023 |p 17A1557255 |r 2026-02-21 21:10:58 |t č. 1-4 + príloha |w 2026-02-21 |y PREZ |z Príloha v č. 3: Zanělo na 25. ročníku Moravského urologického sympozia 15.-16. 2023/Hotel Sepetná | ||
| 952 | |0 0 |1 0 |4 0 |7 0 |8 0 |a SNK |b SNK |d 2025-07-01 |i snk2025/10279 |l 0 |o snkČSB 6392/25/2024 |p 17A1557256 |r 2026-02-21 21:10:58 |t č. 1-4 |w 2026-02-21 |y PREZ | ||
| 952 | |0 0 |1 0 |4 0 |7 0 |8 1 |a SNK |b SNK |d 2017-04-12 |i snk2017/8856 |l 0 |o snkČSB 6392/6/2005 D1 |p 17A1205736 |r 2026-02-21 21:34:45 |t č. 1-6 |w 2026-02-21 |y PREZ | ||
| 952 | |0 0 |1 0 |4 0 |7 0 |8 1 |a SNK |b SNK |d 2017-04-12 |i snk2017/8858 |l 0 |o snkČSB 6392/7/2006 |p 17A1205732 |r 2026-02-21 21:34:46 |t č. 1-6 |w 2026-02-21 |y PREZ | ||
| 952 | |0 0 |1 0 |4 0 |7 0 |8 1 |a SNK |b SNK |d 2017-04-12 |i snk2017/8866 |l 0 |o snkČSB 6392/7/2006 D1 |p 17A1205735 |r 2026-02-21 21:46:15 |t č. 1-6, neúplné |w 2026-02-21 |y PREZ |z Chýba č. 1 | ||
| 952 | |0 0 |1 0 |4 0 |7 0 |8 1 |a SNK |b SNK |d 2017-04-18 |i snk2017/8991 |l 0 |o snkČSB 6392/12/2011 |p 17A1206344 |r 2026-02-21 22:10:41 |t č. 1-6 |w 2026-02-21 |y PREZ | ||
| 952 | |0 0 |1 0 |4 0 |7 0 |8 1 |a SNK |b SNK |d 2017-04-18 |i snk2017/8997 |l 0 |o snkČSB 6392/12/2011 D1 |p 17A1206345 |r 2026-02-21 22:10:41 |t č. 1-6 |w 2026-02-21 |y PREZ | ||
| 952 | |0 0 |1 0 |4 0 |7 0 |8 1 |a SNK |b SNK |d 2017-04-18 |i snk2017/9001 |l 0 |o snkČSB 6392/13/2012 |p 17A1206346 |r 2026-02-21 22:10:41 |t č. 1-6 |w 2026-02-21 |y PREZ | ||
| 952 | |0 0 |1 0 |4 0 |7 0 |8 1 |a SNK |b SNK |d 2017-04-18 |i snk2017/9002 |l 0 |o snkČSB 6392/13/2012 D1 |p 17A1206347 |r 2026-02-21 22:10:41 |t č. 1-6 |w 2026-02-21 |y PREZ | ||
| 952 | |0 0 |1 0 |4 0 |7 0 |8 1 |a SNK |b SNK |d 2017-04-18 |i snk2017/9005 |l 0 |o snkČSB 6392/14/2013 |p 17A1206348 |r 2026-02-21 22:10:41 |t č. 1-5 |w 2026-02-21 |y PREZ | ||
| 952 | |0 0 |1 0 |4 0 |7 0 |8 1 |a SNK |b SNK |d 2017-04-18 |i snk2017/9011 |l 0 |o snkČSB 6392/14/2013 D1 |p 17A1206349 |r 2026-02-21 22:10:41 |t č. 1-5 |w 2026-02-21 |y PREZ | ||
| 952 | |0 0 |1 0 |4 0 |7 0 |8 1 |a SNK |b SNK |d 2017-04-18 |i snk2017/9027 |l 0 |o snkČSB 6392/15/2014 |p 17A1206350 |r 2026-02-21 22:10:42 |t č. 1-5, neúplné + 1 príl. |w 2026-02-21 |y PREZ |z Chýba č. 1 ; príl.: Kalendár na r. 2015 v č. 5 | ||
| 952 | |0 0 |1 0 |4 0 |7 0 |8 1 |a SNK |b SNK |d 2017-04-18 |i snk2017/9041 |l 0 |o snkČSB 6392/15/2014 D1 |p 17A1206351 |r 2026-02-21 22:10:42 |t č. 1-5, neúplné + 1 príl. |w 2026-02-21 |y PREZ |z Chýba č. 1 ; príl.: Kalendár na r 2015 v č. 5 | ||
| 952 | |0 0 |1 0 |4 0 |7 0 |8 1 |a SNK |b SNK |d 2017-04-18 |i snk2017/9043 |l 0 |o snkČSB 6392/16/2015 |p 17A1206352 |r 2026-02-21 22:10:42 |t č. 1-5 |w 2026-02-21 |y PREZ | ||
| 952 | |0 0 |1 0 |4 0 |7 0 |8 1 |a SNK |b SNK |d 2017-04-18 |i snk2017/9048 |l 0 |o snkČSB 6392/16/2015 D1 |p 17A1206353 |r 2026-02-21 22:10:42 |t č. 1-5 |w 2026-02-21 |y PREZ | ||
| 952 | |0 0 |1 0 |4 0 |7 0 |8 1 |a SNK |b SNK |d 2017-04-18 |i snk2017/9059 |l 0 |o snkČSB 6392/17/2016 |p 17A1206354 |r 2026-02-21 22:10:42 |t č. 1-5 |w 2026-02-21 |y PREZ | ||
| 952 | |0 0 |1 0 |4 0 |7 0 |8 1 |a SNK |b SNK |d 2017-04-18 |i snk2017/9067 |l 0 |o snkČSB 6392/17/2016 D1 |p 17A1206355 |r 2026-02-21 22:10:42 |t č. 1-5 |w 2026-02-21 |y PREZ | ||
| 952 | |0 0 |1 0 |4 0 |7 0 |8 0 |a SNK |b SNK |d 2017-05-04 |i snk2017/10171 |l 0 |o snkČSB 6392/9/2008 D1 |p 17A1206357 |r 2026-02-21 22:10:47 |t č. 3-6 |w 2026-02-21 |y PREZ | ||
| 952 | |0 0 |1 0 |4 0 |7 0 |8 1 |a SNK |b SNK |d 2017-04-12 |i snk2017/8918 |l 0 |o snkČSB 6392/10/2009 |p 17A1206340 |r 2026-02-21 22:10:56 |t č. 1-6 |w 2026-02-21 |y PREZ | ||
| 952 | |0 0 |1 0 |4 0 |7 0 |8 1 |a SNK |b SNK |d 2019-06-27 |i snk2019/17464 |l 0 |o snkČSB 6392/18/2017 |p 17A1368638 |r 2026-02-21 22:14:10 |t č. 1-5 |w 2026-02-21 |y PREZ | ||
| 952 | |0 0 |1 0 |4 0 |7 0 |8 1 |a SNK |b SNK |d 2019-06-27 |i snk2019/17466 |l 0 |o snkČSB 6392/18/2017 D1 |p 17A1368639 |r 2026-02-21 22:14:10 |t č. 1-5 |w 2026-02-21 |y PREZ | ||
| 952 | |0 0 |1 0 |4 0 |7 0 |8 1 |a SNK |b SNK |d 2019-06-27 |i snk2019/17468 |l 0 |o snkČSB 6392/19/2018 |p 17A1368640 |r 2026-02-21 22:14:10 |t č. 1-5 |w 2026-02-21 |y PREZ | ||
| 952 | |0 0 |1 0 |4 0 |7 0 |8 1 |a SNK |b SNK |d 2019-06-27 |i snk2019/17469 |l 0 |o snkČSB 6392/19/2018 D1 |p 17A1368641 |r 2026-02-21 22:14:10 |t č. 1-5 |w 2026-02-21 |y PREZ | ||


